000 02000cam a22006134i 4500
003 PE-LiUPU
005 20250731170421.0
008 180531s2013 mx 0 rb 001 0 spa d
020 _a9786071713636
035 _a(Sirsi) a242134
040 _aPE-LiUPU
_bspa
_cPE-LiUPU
_dPE-LiUPU
_erda
082 0 4 _a174.2
_bT7
_222
245 0 0 _aTratado de bioética médica /
_ccoordinadores Octavio Rivero Serrano, Irene Durante Montiel.
250 _aSegunda edición.
264 1 _aMéxico :
_bTrillas,
_c2013.
300 _a318 páginas ;
_c25 centímetros
336 _atext
_2rdacontent
337 _aunmediated
_2rdamedia
338 _avolume
_2rdacarrier
504 _aBibliografía al final de cada capítulo.
504 _aÍndice: página 309-318.
505 0 _aHistoria y fundamentos de la ética médica -- ética medica en el ejercicio profesional -- formación ética del médico -- novedades en la ética actual -- mala práctica.
526 _aSEG68
526 _aSEG70
526 _aSEG69
526 _aSEG67
526 _aSEG43
526 _aP144
526 _aP143
526 _aP131
526 _aP122
526 _aP120
526 _aP117
526 _aP112
526 _aP110
526 _aP106
526 _aP101
526 _aP80
526 _aP59
526 _aP54
526 _aP35
526 _aP33
526 _aP30
541 _g002-00000056;
650 0 4 _aÉtica médica.
650 0 4 _aMedical ethics.
700 1 _aRivero Serrano, Octavio,
_ecoordinador.
700 1 _aDurante Montiel, Irene,
_ecoordinador.
910 _admb
_bksl
_cksl
_d20180531
942 _2ddc
_cBOOK
994 _aC0
_bPEPRU
596 _a1
999 _a174.2 T7
_wLC
_c27637
_i78521
_d27637
_e2019-4-2
_f2021-11-3
_g4
_lCCODEBUL1
_mBUL
_n1
_p33.32
_q1
_r0
_sY
_tBOOK
_u2018-5-30
_xSALUD
_PP22
_0COMPRA
_1FCOMPRA
_o.PUBLIC.
_o.STAFF. Colección Ciencias de la Salud
980 _81
_gALBERTO SANCHEZ Responsable de Automatización